Venture capital handbook <an> entrepreneur's guide to raising venture capital
Na minha lista:
| Autor principal: | |
|---|---|
| Outros Autores: | |
| Formato: | Livro |
| Idioma: | inglês |
| Publicado em: |
Upper Saddle River
FT/Prentice Hall
2002
|
| Edição: | revised and updated ed. |
| Assuntos: | |
| Tags: |
Sem tags, seja o primeiro a adicionar uma tag!
|
MARC
| LEADER | 00000nam a2200000 4500 | ||
|---|---|---|---|
| 001 | 0144320 | ||
| 005 | 20221129100530.0 | ||
| 020 | |a 0-13-065493-0 | ||
| 041 | 0 | |a eng | |
| 044 | |a US | ||
| 245 | 1 | 0 | |a Venture capital handbook |b <an> entrepreneur's guide to raising venture capital |c David Gladstone, Laura Gladstone |
| 250 | |a revised and updated ed. | ||
| 264 | 1 | |a Upper Saddle River |b FT/Prentice Hall |c 2002 | |
| 300 | |a 424 s. | ||
| 610 | 2 | 0 | |a kapitál rizikový |
| 610 | 2 | 0 | |a podnik |
| 610 | 2 | 0 | |a investovanie |
| 610 | 2 | 0 | |a podnikanie |
| 610 | 2 | 0 | |a priemysel |
| 610 | 2 | 0 | |a produkty |
| 610 | 2 | 0 | |a služby |
| 610 | 2 | 0 | |a peniaze |
| 610 | 2 | 0 | |a prezentácia |
| 610 | 2 | 0 | |a vyjednávanie |
| 610 | 2 | 0 | |a financie |
| 610 | 2 | 0 | |a makléri |
| 100 | 1 | |a Gladstone, David | |
| 700 | 1 | |a Gladstone, Laura | |